| 000 | 01654nam a22002417a 4500 | ||
|---|---|---|---|
| 008 | 230605e20240326xxk|||||o||||o00| 0 eng d | ||
| 041 | _aeng | ||
| 110 | 2 | _aScottish Government | |
| 245 |
_aHousing (Scotland) Bill _h[Online publication] |
||
| 260 |
_bScottish Parliament _c26 March 2024 |
||
| 520 | _aThe Housing (Scotland) Bill will introduce an ‘ask and act’ duty on social landlords and bodies, such as health boards and the police, to ask about a person’s housing situation and act to avoid them becoming homeless wherever possible. It also reforms provision for people threatened with homelessness up to six months ahead and includes provisions for tenants experiencing domestic abuse. The Bill will outline proposals for a New Deal for Tenants, a key part of the Bute House Agreement between the Scottish Government and the Scottish Green Party. Proposals include long term rent controls for private tenancies, new rights to keep pets, decorate rented homes and stronger protection against eviction. | ||
| 650 | _aHOUSING | ||
| 650 | _aLANDLORD AND TENANT | ||
| 650 | _aRENT CONTROLS | ||
| 650 | _aSOCIAL HOUSING | ||
| 650 | _aSOCIAL HOUSING | ||
| 651 | _aScotland | ||
| 690 |
_96252 _aLandlord and tenant |
||
| 690 |
_96266 _aResidential property |
||
| 856 |
_uhttps://www.parliament.scot/-/media/files/legislation/bills/s6-bills/housing-scotland-bill/introduction/bill-as-introduced.pdf _zBill as introduced |
||
| 856 |
_uhttps://www.parliament.scot/-/media/files/legislation/bills/s6-bills/housing-scotland-bill/introduction/explanatory-notes-accessible.pdf _zSee explanatory notes to the Bill |
||
| 942 | _n0 | ||
| 999 |
_c121872 _d121872 |
||